Cómo se produce el texto escrito : (Record no. 85320)

MARC details
000 -CABECERA
campo de control de longitud fija 00731nam a2200253 a 4500
005 - FECHA Y HORA DE LA ÚLTIMA TRANSACCIÓN
campo de control 20231012063714.0
008 - ELEMENTOS DE LONGITUD FIJA--INFORMACIÓN GENERAL
campo de control de longitud fija 010912s1996 r 000 0 eng d
020 ## - NÚMERO INTERNACIONAL NORMALIZADO PARA LIBROS
Número Internacional Estándar del Libro 9582000301
035 ## - NÚMERO DE CONTROL DEL SISTEMA
Número de control de sistema UPN01000111412
049 ## - COLECCIÓN
Colección CG
050 #4 - SIGNATURA TOPOGRÁFICA DE LA BIBLIOTECA DEL CONGRESO
Número de clasificación PC4410
Número de documento/Ítem P3.2 1996
100 1# - ASIENTO PRINCIPAL--NOMBRE PERSONAL
Nombre de persona Parra, Marina
245 10 - MENCIÓN DE TÍTULO
Título Cómo se produce el texto escrito :
Resto del título teoría y práctica /
Mención de responsabilidad, etc. Marina Parra.
250 ## - MENCIÓN DE EDICIÓN
Mención de edición 2a ed.
260 ## - PUBLICACIÓN, DISTRIBUCIÓN, ETC.
Lugar de publicación, distribución, etc. Santa Fé de Bogotá :
Nombre del editor, distribuidor, etc. Magisterio,
Fecha de publicación, distribución, etc. 1996.
300 ## - DESCRIPCIÓN FÍSICA
Extensión 165 p.
440 #0 - MENCIÓN DE SERIE/ASIENTO SECUNDARIO--TÍTULO
Título Aula abierta
650 #4 - ASIENTO SECUNDARIO DE MATERIA - TERMINO TEMATICO
Término de materia o nombre geográfico como elemento de entrada ESPAÑOL -
Subdivisión general COMPOSICION Y EJERCICIOS
9 (RLIN) 6152
650 #4 - ASIENTO SECUNDARIO DE MATERIA - TERMINO TEMATICO
Término de materia o nombre geográfico como elemento de entrada Español
Subdivisión general Ejercicios de redacción
9 (RLIN) 10742
650 #4 - ASIENTO SECUNDARIO DE MATERIA - TERMINO TEMATICO
Término de materia o nombre geográfico como elemento de entrada ESPAÑOL -
Subdivisión general ESTILO
9 (RLIN) 11118
901 ## - ELEMENTOS DE DATOS A LOCAL LDA (RLIN)
a 184646
902 ## - ELEMENTOS DE DATOS B LOCAL, LDB (RLIN)
Creó MCM/cav
905 ## - TIPO DE MATERIAL
Tipo de material Libro
Holdings
Estado de retiro Estado de pérdida Fuente del sistema de clasificación o colocación Estado dañado No para préstamo Código de colección Localización permanente Ubicación/localización actual Ubicación en estantería Total de préstamos Clasificación Código de barras Fecha visto por última vez Número de copia Tipo de ítem Koha
    Library of Congress Classification     Colección General Bib. Gregorio Torres Quintero Bib. Gregorio Torres Quintero Planta baja 6 PC4410 P3.2 1996 241064 31/12/2020 1 Libro
    Library of Congress Classification     Colección General Bib. Gregorio Torres Quintero Bib. Gregorio Torres Quintero Planta baja 35 PC4410 P3.2 1996 184646 31/12/2020 1 Libro
    Library of Congress Classification     Colección General Bib. Gregorio Torres Quintero Bib. Gregorio Torres Quintero Planta baja 33 PC4410 P3.2 1996 208299 31/12/2020 1 Libro
    Library of Congress Classification     Colección General Bib. Gregorio Torres Quintero Bib. Gregorio Torres Quintero Planta baja 33 PC4410 P3.2 1996 208298 31/12/2020 1 Libro